Statistics for Guess the city by description

Click here to take the quiz!

General Stats

  • This quiz has been taken 9 times
  • The average score is 2 of 8

Answer Stats

DescriptionAnswer% Correct
a coastal, seaport city on the mainland of British Columbia. Located on the western half of the Burrard PeninsulaVancouver
100%
One of the oldest cities in the world. Built over seven hills, it is also known as the “White City” because of the color palette of its buildings.Amman
33%
It lies in a hilly region near the confluence of the Baghmati and Vishnumati rivers, at an elevation of 4,344 feet (1,324 metres)Kathmandu
22%
a city of wide boulevards and marble-faced public buildings combined with numerous Soviet-style apartment blocks surrounding interior courtyards.Bishkek
0%
a fairy-tale village, which tells its own story through its artistic essence, which is the town's true soul.Coulonia
0%
a city and municipality of Wallonia located in the province of Namur, Belgium.Couvin
0%
a commune located in Sălaj County, Transylvania, Romania. It is composed of four villages: Cristolț, Muncel (Hegyköz), Poiana Onții (Bezdédmező) and Văleni (Szalonnavölgy).Cristolț
0%
a town and district of Manisa Province in the Aegean region of Turkey.Kula
0%

Score Distribution

Percentile by Number Answered

Percent of People with Each Score

Your Score History

You have not taken this quiz